000 01009nam a2200265 a 4500
001 000012280
005 20240530073913.0
008 091110s2001 dr 000 f spa d
020 _a9962812054
040 _aDO-SdBNP
_bspa
_cBNPHU
082 _aRD863.44
_bD671m, 2001
100 1 _aDomínguez, Francisca Otilia,
_d1923-
_924943
245 1 0 _aMamá la tierra :
_bnovela testimonial /
_cFrancisca Otilia Domínguez ; prólogo Tony Raful.
250 _a2a. ed.
260 _aPanamá :
_bCirculo de Lectura de la USMA,
_c2001.
300 _a163 p. ;
_c21 cm.
500 _aLa biblioteca posee la 3a. reimpresión de la 2a. edición del 2004
500 _aIncluye datos biográficos de la autora en las solapas.
504 _aIncluye referencias bibliográficas y notas al pie de las páginas.
590 _aInventariado,2019/VM
650 0 _aNovela dominicana
_9223
650 0 _aLiteratura dominicana.
_967
700 1 2 _aRaful, Tony,
_d1951-
_epról.
_91377
910 _aValidado. Control de calidad MFF
999 _c11938
_d11938